00418 a2200121 4500001001000000005001700010008004100027245006700068100003000135700002600165773008800191999001700279ART_4612020260410161731.0260409a 10aEl resultado global y la utilidad de la información contable1 aCasal, María del Carmen1 aMaestromey, Marcelina0 tEscritos contables y de administracióng- Vol. 1, Nº 2 (jul./dic. 2010)wREV2758 c17872d17872